| 000 | 00376nam a2200157Ia 4500 | ||
|---|---|---|---|
| 008 | 220803s9999 xx 000 0 und d | ||
| 020 | _a9788129102515 | ||
| 041 | _aeng | ||
| 082 | _a491.46 | ||
| 100 |
_aJoshi Bharati. _926188 |
||
| 245 | _aUoga For Everybody. | ||
| 260 |
_aNew Delhi _bRupa Publication _c2017 |
||
| 300 | _a146p | ||
| 500 | _a10 | ||
| 650 |
_aGeneral _926189 |
||
| 999 |
_c16808 _d16808 |
||